Statistiques concernant Alphabet braille - Signes de ponctuation et symboles

Cliquez ici pour prendre le quiz!

Statistiques générales

  • Ce quiz a été pris 11 fois
  • Le résultat moyen est 13 sur 38

Statistiques - réponses

Ponctuation et symboles en braillePonctuation et symbole% Correct
Arobase
100%
Guillemet
67%
Plus | signe addition
67%
Point
67%
Virgule
67%
Deux-points
56%
Parenthèse fermante
56%
Parenthèse ouvrante
56%
Point d’exclamation
56%
Point d’interrogation
56%
⠤⠤Tiret du bas
56%
Tiret | signe soustraction
56%
Barre oblique | slash
44%
Espace séparant les milliers
44%
Point-virgule
44%
Signe égal
44%
⠲⠲⠲Trois points | points de suspension
44%
Apostrophe
33%
Étoile (*)
33%
⠒⠨Indicateur de début de passage en majuscule
33%
⠨⠨Indicateur de majuscule multiple
33%
Indicateur de majuscule simple
33%
Signe division
22%
Signe multiplication
22%
Barre de fraction
11%
⠘⠻Bulle parlée (bande dessinée)
11%
⠘⠳Bulle pensée (bande dessinée)
11%
Indicateur d’appel de note
11%
⠠⠆Indicateur de début de note du transcripteur
11%
⠒⠸Indicateur de début de passage en italique
11%
⠰⠄Indicateur de fin de note du transcripteur
11%
Indicateur de valeur de base
11%
Indicateur d’exposant
11%
Indicateur d’indice inférieur
11%
Indicateur d’italique
11%
Modificateur 1 (devises,...)
11%
Modificateur 2 (symboles
11%
Préfixe mathématique
11%

Distribution des résultats

Percentile par nombre de réponses

% des personnes avec chaque résultat

Votre développement - résultats

Vous n’avez pas pris ce quiz